| 000 | 01064nam a22003017a 4500 | ||
|---|---|---|---|
| 999 |
_c200446605 _d64817 |
||
| 003 | TR-AnTOB | ||
| 005 | 20240424155137.0 | ||
| 008 | 220118s1995 tu d 000 0 tur d | ||
| 040 |
_aTR-AnTOB _beng _erda _cTR-AnTOB |
||
| 041 | 0 | _atur | |
| 050 | 4 |
_aHD9937.T92 _bU98 1995 |
|
| 082 |
_a338.476772 _bUYT 1995 |
||
| 090 |
_aHD9937.T92 _bU98 1995 |
||
| 999 | _aCB 18.01.2022 | ||
| 100 | 1 |
_aUytun, Efser _eauthor _9139255 |
|
| 245 | 1 | 0 |
_aPamuklu tekstil sektörü / _cEfser Uytun ; editör Dr. Meral Varış Tezcanlı. |
| 246 | 1 | 4 | _aTekstil sektörü (pamuklu). |
| 264 | 1 |
_aİstanbul : _bİstanbul Menkul Kıymetler Borsası, _c1995. |
|
| 300 |
_avii, 54 pages : _bgraphics, tabels ; _c30 cm |
||
| 336 |
_atext _btxt _2rdacontent |
||
| 337 |
_aunmediated _bn _2rdamedia |
||
| 338 |
_avolume _bnc _2rdacarrier |
||
| 490 | 0 |
_aSektör araştırmaları serisi ; _vno. 2 |
|
| 650 | 7 |
_aTekstil endüstrisi _zTürkiye _2etuturkob _920488 |
|
| 700 | 1 |
_aTezcanlı, Meral Varış _eeditor _97470 |
|
| 710 | 2 |
_aİstanbul Menkul Kıymetler Borsası _910100 |
|
| 942 |
_2lcc _cBK |
||